Mélanie Martinez Chansons-Albums Click quiz - Statistiques

Statistiques générales
  • Ce quiz a été pris 161 fois
  • Le résultat moyen est 39 sur 52
Statistiques - réponses
Hint Réponse % Correct
Pacify Her Cry Baby
83%
Cry Baby Cry Baby
83%
Tag, You're It Cry Baby
82%
Carousel Cry Baby
82%
Dollhouse Cry Baby
82%
Void PORTALS
81%
Cake Cry Baby
80%
Soap Cry Baby
80%
Alphabet Boy Cry Baby
80%
Sippy Cup Cry Baby
79%
Pity Party Cry Baby
79%
Class Fight K-12
79%
Nymphology PORTALS
79%
Play Date Cry Baby
78%
Womb PORTALS
78%
Mrs. Potato Head Cry Baby
77%
Mad Hatter Cry Baby
77%
High School Sweethearts K-12
77%
The Principal K-12
77%
Lunchbox Friends K-12
77%
Death PORTALS
77%
Teddy Bear Cry Baby
76%
Orange Juice K-12
76%
Faerie Soirée PORTALS
76%
Tunnel Vision PORTALS
76%
Battle of the Larynx PORTALS
75%
The Contortionist PORTALS
75%
Milk and Cookies Cry Baby
73%
Nurse’s Office K-12
73%
Detention K-12
73%
Spider Web PORTALS
73%
Evil PORTALS
73%
Pluto PORTALS
73%
Notebook After School EP
72%
Teacher’s Pet K-12
72%
Drama Club K-12
72%
Leeches PORTALS
72%
Numbers After School EP
71%
Milk of the Siren PORTALS
71%
Moon Cycle PORTALS
71%
The Bakery After School EP
70%
Test Me After School EP
70%
Wheels On the bus K-12
70%
Recess K-12
69%
Light Shower PORTALS
69%
Show & Tell K-12
68%
Glued After School EP
67%
Training Wheels Cry Baby
65%
Powder PORTALS
65%
Brain & Heart After School EP
63%
Field Trip After School EP
62%
Strawberry Shortcake K-12
62%
Aucun quiz correspondant
Distribution des résultats
% des personnes avec chaque résultat
Percentile par nombre de réponses
Votre historique - résultats
Vous n’avez pas pris ce quiz